Formación de docentes y alfabetización. Un estudio de casos (Record no. 9138)
[ view plain ]
| 000 -LEADER | |
|---|---|
| campo de control de longitud fija | 00411nam a2200145Ia 4500 |
| 001 - NÚMERO DE CONTROL | |
| campo de control | 2220 |
| 008 - DATOS DE LONGITUD FIJA--INFORMACIÓN GENERAL | |
| campo de control de longitud fija | 241024s9999 xx 000 0 und d |
| 020 ## - NÚMERO INTERNACIONAL ESTÁNDAR DEL LIBRO | |
| Número Internacional Estándar del Libro | 978-9945-8790-1-8 |
| 082 ## - NÚMERO DE LA CLASIFICACIÓN DECIMAL DEWEY | |
| Número de clasificación | RD/370.97293/L732f |
| 100 ## - ENTRADA PRINCIPAL--NOMBRE DE PERSONA | |
| Nombre de persona | Dinorah Lima (de) Jiménez |
| 245 #0 - MENCIÓN DEL TÍTULO | |
| Título | Formación de docentes y alfabetización. Un estudio de casos |
| 260 ## - PUBLICACIÓN, DISTRIBUCIÓN, ETC. | |
| Nombre del editor, distribuidor, etc. | PUCMM/CIEDHUMANO |
| Fecha de publicación, distribución, etc. | 2011 |
| 901 ## - ELEMENTOS DE DATOS A LOCAL LDA (RLIN) | |
| a | 11/5/2012 2:20:22 p.m. |
No items available.